000 01387nam0a2200349 4500
001 RU\NLR\BIBL_A\022404046
005 20241217102123.0
010 _a978-5-17-164641-7
_94000
021 _aRU
_bКН-П-24-065295
_9КН-П-24-6516
035 _a(NLR Aleph) 022404046
090 _a13334421
_c13334421
100 _a20241205d2024 u y0rusy50 ca
101 1 _arus
_cfre
102 _aRU
105 _ay|||z|||000zy
181 0 _ai4
_baxxe
182 0 _an
200 1 _aДвойной шпагат
_aОрфей
_aОпиум
_eсборник
_fЖан Кокто
_gперевод с французского Н. Шаховской [и др.]
203 _aТекст
_bвизуальный
_cнепосредственный
210 _aМосква
_cАСТ
_d2024
215 _a380, [2] с.
_d18
225 1 _aСерия "Эксклюзивная классика"
225 1 _aКниги, изменившие мир. Писатели, объединившие поколения
300 _aНа 4-й с. обл. авт.: Жан Морис Эжен Клеман Кокто
333 _a18+
686 1 _aШ6(4Фр)67-440.4{Лх1648-50}
700 1 _aКокто
_bЖ.
_f1889-1963
_gЖан
_3RU\NLR\AUTH\7730380
942 _cBOOK
980 _aNB